[Event "Titled Tuesday intern op 19th Sep Late"]
[Site "Chess.com INT"]
[Date "2023.09.19"]
[Round "1"]
[White "Andreikin, Dmitry"]
[Black "Droin, Augustin"]
[Result "1-0"]
[WhiteElo "2729"]
[BlackElo "2478"]
[PlyCount "59"]
[EventDate "2023.09.19"]
[EventType "swiss (blitz)"]
[EventRounds "11"]
[EventCountry "USA"]
[SourceTitle "EXT 2024"]
[Source "ChessBase"]
[SourceDate "2023.10.10"]
[SourceVersion "1"]
[SourceVersionDate "2023.10.10"]
[SourceQuality "1"]

1. c4 e6 2. Nf3 d5 3. cxd5 exd5 4. g3 Bf5 5. Bg2 c6 6. 0-0 Nf6 7. Nc3 Be7 8. d3 Bg6 9. Nh4 Nbd7 10. e4 dxe4 11. dxe4 0-0 12. Qc2 Re8 13. Rd1 Qa5 14. Nxg6 hxg6 15. h3 Rad8 16. a3 Qh5 17. Bf4 Nc5 18. b4 Ne6 19. Be3 a6 20. f4 a5 21. e5 Nd7 22. b5 Nb8 23. bxc6 Nxc6 24. Nd5 Bf8 25. Kh2 Rc8 26. Qf2 Qh7 27. Rab1 Ncd8 28. a4 Rc4 29. Qe2 Rxa4 30. Qb5 1-0

[Event "Titled Tuesday intern op 19th Sep Late"]
[Site "Chess.com INT"]
[Date "2023.09.19"]
[Round "2"]
[White "Droin, Augustin"]
[Black "Weisz, Bryan"]
[Result "1-0"]
[WhiteElo "2478"]
[BlackElo "1985"]
[PlyCount "89"]
[EventDate "2023.09.19"]
[EventType "swiss (blitz)"]
[EventRounds "11"]
[EventCountry "USA"]
[SourceTitle "EXT 2024"]
[Source "ChessBase"]
[SourceDate "2023.10.10"]
[SourceVersion "1"]
[SourceVersionDate "2023.10.10"]
[SourceQuality "1"]

1. g4 g5 2. d4 d5 3. h3 h6 4. Bg2 Bg7 5. c4 c5 6. dxc5 dxc4 7. Qxd8+ Kxd8 8. Na3 c3 9. b4 c2 10. Nxc2 Bxa1 11. Nxa1 Be6 12. Bb2 Nf6 13. Bxb7 Bd5 14. Bxd5 Nxd5 15. Bxh8 f6 16. h4 Nc6 17. hxg5 hxg5 18. e4 Ndxb4 19. Bxf6 Kd7 20. Bxg5 Nd3+ 21. Kf1 Nxc5 22. f3 Rb8 23. Nb3 Nxb3 24. axb3 Rxb3 25. Kg2 Rb2+ 26. Kg3 Rb1 27. Kf2 a5 28. Rh8 Kc7 29. Ne2 Kb7 30. Bxe7 Nxe7 31. Rh7 a4 32. Rxe7+ Kb6 33. Nc3 Rb2+ 34. Ke3 a3 35. Rd7 Rb3 36. Rd3 Kc5 37. Na2 Kc4 38. Rxb3 Kxb3 39. Nc1+ Kc2 40. Na2 Kb3 41. g5 Kxa2 42. g6 Kb1 43. g7 a2 44. g8Q a1Q 45. Qg1+ 1-0

[Event "Titled Tuesday intern op 12th Sep Late"]
[Site "Chess.com INT"]
[Date "2023.09.12"]
[Round "1"]
[White "Droin, Augustin"]
[Black "Caruana, Fabiano"]
[Result "1/2-1/2"]
[WhiteElo "2478"]
[BlackElo "2786"]
[PlyCount "209"]
[EventDate "2023.09.12"]
[EventType "swiss (blitz)"]
[EventRounds "11"]
[EventCountry "USA"]
[SourceTitle "EXT 2024"]
[Source "ChessBase"]
[SourceDate "2023.10.10"]
[SourceVersion "1"]
[SourceVersionDate "2023.10.10"]
[SourceQuality "1"]

1. e4 c6 2. Nf3 d5 3. d3 g6 4. Nbd2 Bg7 5. g3 Nf6 6. Bg2 0-0 7. 0-0 dxe4 8. dxe4 Qc7 9. c3 e5 10. Qc2 h6 11. Rd1 Be6 12. h3 Nbd7 13. Nb3 a5 14. a4 Nxe4 15. Nxe5 Nxe5 16. Bxe4 Bxh3 17. Bf4 Rfe8 18. Nc5 Qe7 19. Nd3 Bg4 20. Re1 Nxd3 21. Bxd3 Qxe1+ 22. Rxe1 Rxe1+ 23. Kg2 Rae8 24. Bc4 Be6 25. Bxe6 R8xe6 26. Qb3 g5 27. Be3 Re7 28. Qb6 Rd7 29. Qxa5 Rdd1 30. Qf5 Rd8 31. a5 Re2 32. Bb6 Rde8 33. Qd7 R2e7 34. Qd3 Bf8 35. b4 Re6 36. Qf5 Bg7 37. Qd3 Be5 38. c4 Rd6 39. Qe4 Ree6 40. Qf5 Bd4 41. Bxd4 Rxd4 42. b5 cxb5 43. cxb5 Ra4 44. Qd5 Kg7 45. b6 Rf6 46. Qxb7 Rxa5 47. Qc7 Rb5 48. b7 Rfb6 49. Qc3+ Kg8 50. Qc8+ Kh7 51. Qc2+ Kg7 52. Qc3+ Kg6 53. g4 Rxb7 54. Qd3+ Kg7 55. Qd4+ f6 56. Qd6 R5b6 57. Qd5 Rb4 58. f3 R4b5 59. Qd4 Rb2+ 60. Kg3 R2b4 61. Qd5 Re7 62. Qd6 Rbb7 63. Qd5 Rbd7 64. Qc6 Rd3 65. Qa8 Rd2 66. Qc6 Rde2 67. Qc5 R2e5 68. Qd4 Rf7 69. Qc4 Rfe7 70. Qd4 R5e6 71. Qc4 Rd6 72. Qc3 Red7 73. Qc4 Rd4 74. Qe6 Rf7 75. Qe3 Rf4 76. Qd3 Rf8 77. Qd7+ Rf7 78. Qd3 Re7 79. Qd6 Ra7 80. Qc5 Rfa4 81. Qd6 h5 82. gxh5 Rh4 83. Qc5 Rf7 84. Qf5 Rxh5 85. Kg4 Rh4+ 86. Kg3 Rf4 87. Qe6 Rc7 88. Qd6 Rfc4 89. Qe6 Rf4 90. Qd6 Rf7 91. Qe6 Rh4 92. Qd6 Rh8 93. Qe6 Rhf8 94. Kg4 Kg6 95. Qf5+ Kg7 96. Qe6 Rc7 97. Qd6 Rff7 98. Kf5 Rfd7 99. Qxf6+ Kg8 100. Qxg5+ Rg7 101. Qd8+ Kh7 102. Qh4+ Kg8 103. Qd8+ Kh7 104. Qh4+ Kg8 105. Qd8+ 1/2-1/2

[Event "Budapest One Week GM-A"]
[Site "Budapest"]
[Date "2023.08.23"]
[Round "4"]
[White "Droin, Augustin"]
[Black "Karacsonyi, Gellert"]
[Result "1-0"]
[WhiteElo "2463"]
[BlackElo "2391"]
[PlyCount "107"]
[EventDate "2023.08.21"]
[EventType "tourn"]
[EventRounds "9"]
[EventCountry "HUN"]
[EventCategory "6"]
[SourceTitle "CBM 215 Extra"]
[Source "ChessBase"]
[SourceDate "2023.09.30"]
[SourceVersion "1"]
[SourceVersionDate "2023.09.30"]
[SourceQuality "1"]

1. e4 e5 2. Nf3 Nf6 3. d4 Nxe4 4. Bd3 d5 5. Nxe5 Nd7 6. Nc3 Nxe5 7. dxe5 Nxc3 8. bxc3 Bc5 9. 0-0 0-0 10. Rb1 Qh4 11. Qf3 c6 12. Be3 b6 13. Bxc5 bxc5 14. c4 Be6 15. Qe3 Qe7 16. cxd5 cxd5 17. f4 d4 18. Qf3 f5 19. Rb7 Qd8 20. Qg3 g6 21. Be2 Rf7 22. Rfb1 Rxb7 23. Rxb7 Rb8 24. Rxa7 Qb6 25. Ra6 Qb1+ 26. Kf2 Bd5 27. Rd6 Bxa2 28. Qh4 Qc1 29. Bf3 Bf7 30. Qg5 Re8 31. h4 Qxc2+ 32. Kg3 Qa2 33. h5 Qa7 34. Rd8 h6 35. Rxe8+ Bxe8 36. Bd5+ Kh7 37. hxg6+ Bxg6 38. Qd8 Qg7 39. Kh2 Bh5 40. Be6 Bg4 41. Bc4 Bh5 42. e6 Qg4 43. Qc7+ Kh8 44. Qe5+ Kh7 45. e7 Bg6 46. Bd3 Qh5+ 47. Kg3 Qg4+ 48. Kf2 Qh4+ 49. Kg1 Kg8 50. Bxf5 Be8 51. Be6+ Kh7 52. Qf5+ Bg6 53. Qxg6+ Kxg6 54. e8Q+ 1-0

[Event "Titled Tuesday intern op 08th Aug Early"]
[Site "Chess.com INT"]
[Date "2023.08.08"]
[Round "4"]
[White "Agibileg, Uurtsaikh"]
[Black "Droin, Augustin"]
[Result "0-1"]
[WhiteElo "2441"]
[BlackElo "2463"]
[PlyCount "94"]
[EventDate "2023.08.08"]
[EventType "swiss (blitz)"]
[EventRounds "11"]
[EventCountry "USA"]
[SourceTitle "EXT 2024"]
[Source "ChessBase"]
[SourceDate "2023.10.10"]
[SourceVersion "1"]
[SourceVersionDate "2023.10.10"]
[SourceQuality "1"]

1. d4 Nf6 2. c4 e6 3. Nc3 Bb4 4. a3 Bxc3+ 5. bxc3 c5 6. f3 Nc6 7. e4 d6 8. Ne2 e5 9. Bg5 h6 10. Bh4 0-0 11. d5 Na5 12. Nc1 b6 13. Bd3 Ba6 14. Qe2 g5 15. Bf2 Nh5 16. g3 Ng7 17. h4 f5 18. exf5 Nxf5 19. hxg5 hxg5 20. Qe4 Qf6 21. Be3 Rf7 22. Bf2 Raf8 23. Ne2 Ne7 24. Qg4 Qxf3 25. Qxg5+ Rg7 26. Bh7+ Kh8 27. Qh6 Qxf2+ 28. Kd1 Qf1+ 29. Rxf1 Rxf1+ 30. Kc2 Rxh7 31. Qxd6 Rxa1 32. Qxe5+ Rg7 33. d6 Nxc4 34. Qh5+ Rh7 35. Qe8+ Ng8 36. d7 Ra2+ 37. Kb3 Rd2 38. d8Q Rxd8 39. Qxd8 Na5+ 40. Kc2 Bxe2 41. Qe8 Bg4 42. Qe5+ Rg7 43. Qf4 Nc6 44. Qd6 Nce7 45. Qe5 Nf5 46. Qf4 Nfh6 47. Qe3 Kh7 0-1

[Event "Titled Tuesday intern op 08th Aug Late"]
[Site "Chess.com INT"]
[Date "2023.08.08"]
[Round "2"]
[White "Droin, Augustin"]
[Black "Pakleza, Zbigniew"]
[Result "1-0"]
[WhiteElo "2463"]
[BlackElo "2482"]
[PlyCount "131"]
[EventDate "2023.08.08"]
[EventType "swiss (blitz)"]
[EventRounds "11"]
[EventCountry "USA"]
[SourceTitle "EXT 2024"]
[Source "ChessBase"]
[SourceDate "2023.10.10"]
[SourceVersion "1"]
[SourceVersionDate "2023.10.10"]
[SourceQuality "1"]

1. e4 d6 2. d4 Nf6 3. Nc3 c6 4. f4 Qb6 5. Nf3 Bg4 6. Qd3 Bxf3 7. gxf3 e6 8. e5 Nh5 9. Ne4 d5 10. Ng3 Nxg3 11. hxg3 g6 12. g4 c5 13. f5 Nc6 14. c3 cxd4 15. f4 0-0-0 16. fxg6 fxg6 17. a4 dxc3 18. bxc3 Kb8 19. Rb1 Qc7 20. g5 Bc5 21. Rh2 b6 22. a5 Nxa5 23. Qa6 Nc4 24. Ra2 Rhf8 25. Rba1 Rf7 26. Qb5 Nxe5 27. Rxa7 Nf3+ 28. Ke2 Ng1+ 29. Kd3 Qxa7 30. Rxa7 Rxa7 31. Be3 d4 32. cxd4 Nf3 33. Qb2 Nxd4 34. Ke4 Ra4 35. Ke5 Kc7 36. Bb5 Nxb5 37. Bxc5 bxc5 38. Qxb5 Ra7 39. Qxc5+ Kb7 40. Qb5+ Ka8 41. Qc6+ Rb7 42. Qa6+ Kb8 43. Qxe6 Rdd7 44. Qg8+ Ka7 45. Qa2+ Kb6 46. Qb2+ Kc7 47. Qc3+ Kd8 48. Qa5+ Ke7 49. Qc5+ Kf7 50. Qc4+ Kg7 51. Ke4 Re7+ 52. Kf3 Rbd7 53. Qc3+ Kg8 54. Qc4+ Kf8 55. Qc3 Kg8 56. Qc8+ Kg7 57. Qc3+ Kf7 58. Kg4 Re6 59. Qc4 Ke7 60. f5 gxf5+ 61. Kxf5 Red6 62. Qe4+ Kd8 63. Qa8+ Ke7 64. Qh8 Rd5+ 65. Kg4 Ke6 66. Qf6# 1-0

[Event "Titled Tuesday intern op 08th Aug Late"]
[Site "Chess.com INT"]
[Date "2023.08.08"]
[Round "3"]
[White "Troff, Kayden W"]
[Black "Droin, Augustin"]
[Result "0-1"]
[WhiteElo "2483"]
[BlackElo "2463"]
[PlyCount "104"]
[EventDate "2023.08.08"]
[EventType "swiss (blitz)"]
[EventRounds "11"]
[EventCountry "USA"]
[SourceTitle "EXT 2024"]
[Source "ChessBase"]
[SourceDate "2023.10.10"]
[SourceVersion "1"]
[SourceVersionDate "2023.10.10"]
[SourceQuality "1"]

1. d4 Nf6 2. Nf3 e6 3. Bf4 c5 4. e3 Nc6 5. Nc3 cxd4 6. exd4 Bb4 7. Bd3 d5 8. 0-0 0-0 9. Ne2 h6 10. c3 Bd6 11. Bg3 Ne4 12. Bxe4 dxe4 13. Ne5 Bxe5 14. dxe5 Qd5 15. Qc2 Nxe5 16. Rad1 Nd3 17. Nf4 Qxa2 18. Nxd3 exd3 19. Rxd3 b6 20. Be5 f6 21. Bd6 Ba6 22. Bxf8 Bxd3 23. Qxd3 Rxf8 24. b4 Qd5 25. Qh3 Rc8 26. Re1 Kf7 27. Qe3 Qe5 28. Qxe5 fxe5 29. Re3 Rc4 30. g3 e4 31. Kf1 a5 32. bxa5 bxa5 33. Ke2 Kf6 34. Kd2 Kf5 35. Kc2 a4 36. h3 h5 37. Re1 g5 38. Rb1 h4 39. Rb5+ e5 40. gxh4 gxh4 41. Rb8 e3 42. Kd3 e2 43. Rb1 Re4 44. Re1 Kf4 45. c4 a3 46. c5 a2 47. c6 a1Q 48. Rxa1 e1Q 49. Rxe1 Rxe1 50. Kc4 Rc1+ 51. Kd5 e4 52. Kd6 Kf3 0-1